书目信息 |
| 题名: |
控制电机
|
|
| 作者: | 陈隆昌 编著 | |
| 分册: | ||
| 出版信息: | 西安 西安电子科技大学出版社 2000.05 |
|
| 页数: | 278页 | |
| 开本: | 26cm | |
| 丛书名: | ||
| 单 册: | ||
| 中图分类: | TM301.2 | |
| 科图分类: | ||
| 主题词: | 电机 | |
| 电子资源: | ||
| ISBN: | 7-5606-0332-7 | |
| 000 | 00567nam0 2200205 45 | |
| 001 | 0263164704 | |
| 005 | 2002061017324343 | |
| 010 | @a7-5606-0332-7@dRMB 18.00 | |
| 100 | @a20020610d2000 km y0chiy0120 ea | |
| 101 | 0 | @achi |
| 102 | @aCN@b610000 | |
| 200 | 1 | @a控制电机@AKong Zhi Dian Ji@f陈隆昌等编著@Fchen long chang deng bian zhu |
| 205 | @a3版 | |
| 210 | @a西安@c西安电子科技大学出版社@d2000.05 | |
| 215 | @a278页@d26cm | |
| 606 | 0 | @a电机 |
| 690 | @aTM301.2@v3 | |
| 701 | 0 | @a陈隆昌@Achen long chang@4编著 |
| 801 | 0 | @aCN@bPFT@c20020610 |
| 905 | @dTM301.2@eC500 | |
| 控制电机/陈隆昌等编著.-3版.-西安:西安电子科技大学出版社,2000.05 |
| 278页;26cm |
| ISBN 7-5606-0332-7:RMB 18.00 |
| ● |
| 相关链接 |
|
|
|
正题名:控制电机
索取号:TM301.2/C500
 
预约/预借
| 序号 | 登录号 | 条形码 | 馆藏地/架位号 | 状态 | 备注 |
| 1 | 360068 | 203600683 | 自科库301/301自科库 11排1列3层/ [索取号:TM301.2/C500] | 在馆 | |
| 2 | 360069 | 203600692 | 自科库301/301自科库 11排1列3层/ [索取号:TM301.2/C500] | 在馆 |